| 000 | 00518nam a2200205Ia 4500 | ||
|---|---|---|---|
| 003 | OSt | ||
| 005 | 20170518093846.0 | ||
| 008 | 151021s9999 xx 000 0 und d | ||
| 020 | _a749409878 | ||
| 040 |
_aMMU _beng _cMMU _dMMU |
||
| 050 | _aLB 2331 .R27 1993 | ||
| 100 | _aRace, Phil | ||
| 245 |
_a500 tips for Tutors / _cPhil Race |
||
| 260 |
_aLondon : _bKogan Page, _c 1993 |
||
| 300 | _a129 p. : | ||
| 500 | _aIncludes index | ||
| 650 | _aStudy skills | ||
| 700 | _aSally Brown | ||
| 942 |
_2lcc _cLOAN LOAN |
||
| 999 |
_c6935 _d6935 |
||